[Event "Sparkassen-Open A"]
[Site "Heusenstamm, Martinsee"]
[Date "2018.11.23"]
[Round "2.117"]
[White "Heun, Andreas"]
[Black "Lotz, Ralf"]
[Result "0-1"]
[WhiteElo "1687"]
[BlackElo "1907"]
[PlyCount "116"]
[EventDate "2018.??.??"]
[WhiteTeam "SC Ladja RoÃŸdorf"]
[BlackTeam "SC Obertshausen"]

1. e4 c5 2. Nc3 e6 3. Nf3 d6 4. d4 cxd4 5. Nxd4 a6 6. Bc4 Nf6 7. Bg5 Be7 8. f3
Qc7 9. Bb3 Bd7 10. Qd2 Nc6 11. Nce2 Rc8 12. Nxc6 Bxc6 13. Nd4 Bd7 14. O-O Qc5
15. Be3 Qc7 16. Bf2 h5 17. Qg5 g6 18. Bh4 Qc5 19. Qxc5 dxc5 20. e5 Ng8 21. Nxe6
Bxe6 22. Bxe6 fxe6 23. Bf2 c4 24. Rfd1 Nh6 25. Rd2 Nf7 26. f4 Rd8 27. Re2 O-O
28. Kf1 Rd5 29. Re4 b5 30. a4 Rfd8 31. axb5 axb5 32. Ra6 Rd1+ 33. Be1 R1d4 34.
Rxd4 Rxd4 35. Rxe6 Rxf4+ 36. Ke2 Re4+ 37. Kd1 Rd4+ 38. Ke2 Re4+ 39. Kd1 Rxe5
40. Rxg6+ Kh7 41. Rb6 Nd6 42. Bc3 Rd5+ 43. Ke2 Kg6 44. Rb8 Bf6 45. Rg8+ Kf7 46.
Rg3 Ne4 47. Rf3 Nxc3+ 48. bxc3 Ke6 49. h3 h4 50. g4 Bg5 51. Rf8 Bf6 52. Re8+
Kf7 53. Re3 Re5 54. Rxe5 Bxe5 55. Ke3 Ke6 56. Ke4 Bxc3 57. g5 Be5 58. g6 b4 0-1

[Event "Sparkassen-Open A"]
[Site "Heusenstamm, Martinsee"]
[Date "2018.11.23"]
[Round "2.118"]
[White "Neubauer, Robert"]
[Black "Bobrowski, Damian"]
[Result "0-1"]
[WhiteElo "1899"]
[BlackElo "1586"]
[PlyCount "88"]
[EventDate "2018.??.??"]
[WhiteTeam "Bad Vilbeler Sfr"]
[BlackTeam "Sandecja Nowy Sacz"]

1. e4 e6 2. d4 d5 3. Nd2 dxe4 4. Nxe4 Bd7 5. Bd3 Bc6 6. Nf3 Nd7 7. Qe2 Ngf6 8.
Bg5 Be7 9. Nxf6+ Bxf6 10. Be3 O-O 11. O-O-O Qe7 12. Bf4 Bxf3 13. Qxf3 c5 14.
dxc5 e5 15. Qe4 g6 16. Be3 Nxc5 17. Bxc5 Qxc5 18. Kb1 Rad8 19. Bc4 b5 20. Bb3
a5 21. a4 Rd4 22. Rxd4 exd4 23. axb5 Qxb5 24. Qd3 Qb7 25. f3 Rc8 26. Bc4 Qb4
27. b3 a4 28. Kb2 axb3 29. Bxb3 Be7 30. Qa6 Qc3+ 31. Kb1 Rb8 32. Qa1 Qd2 33.
Qa7 Qb4 34. Rd1 Rb7 35. Qxd4 Qa3 36. Qb2 Qa6 37. Qa2 Qb6 38. Qa8+ Kg7 39. Qa4
Bf6 40. Qc4 Ra7 41. c3 Rc7 42. Qd5 Rd7 43. Qxd7 Qxb3+ 44. Ka1 Bxc3# 0-1

[Event "Sparkassen-Open A"]
[Site "Heusenstamm, Martinsee"]
[Date "2018.11.23"]
[Round "2.119"]
[White "Schlemminger, Degenhard"]
[Black "BÃ¼se, Ralf"]
[Result "1/2-1/2"]
[WhiteElo "1673"]
[BlackElo "1906"]
[PlyCount "33"]
[EventDate "2018.??.??"]
[WhiteTeam "SV Reutlingen"]
[BlackTeam "SC Ladja RoÃŸdorf"]

1. e4 e6 2. d4 d5 3. exd5 exd5 4. Qe2+ Be7 5. Nf3 Nf6 6. g3 O-O 7. Bg2 b6 8.
Be3 Ba6 9. Qd1 c5 10. c3 Re8 11. Bf1 Ng4 12. Bxa6 Nxe3 13. fxe3 Nxa6 14. O-O
Bg5 15. Nxg5 Qxg5 16. Rf4 Rxe3 17. Qf1 1/2-1/2

[Event "Sparkassen-Open A"]
[Site "Heusenstamm, Martinsee"]
[Date "2018.11.23"]
[Round "3.1"]
[White "Sadzikowski, Daniel"]
[Black "KÃ¶llner, Ruben Gideon"]
[Result "1/2-1/2"]
[WhiteElo "2544"]
[BlackElo "2238"]
[PlyCount "114"]
[EventDate "2018.??.??"]
[WhiteTeam "SC Heusenstamm"]
[BlackTeam "SG Bochum"]

1. e4 e5 2. Nf3 Nc6 3. Bb5 Bc5 4. O-O Nd4 5. Nxd4 Bxd4 6. c3 Bb6 7. d4 c6 8.
Ba4 d6 9. Na3 Bc7 10. Bc2 Nf6 11. Nc4 Bg4 12. Qd3 Be6 13. Ne3 O-O 14. Qe2 Qe7
15. Qf3 Rfe8 16. dxe5 dxe5 17. Nf5 Bxf5 18. Qxf5 Qe6 19. Bg5 Qxf5 20. exf5 h6
21. Bxf6 gxf6 22. Rfe1 Red8 23. Re2 Rd7 24. Rd1 Rad8 25. Rxd7 Rxd7 26. Kf1 Bb6
27. Ke1 Kg7 28. Re4 Kh7 29. Ke2 Kg7 30. Bb1 Bc7 31. Rg4+ Kh7 32. Be4 Bb6 33.
Bf3 Kh8 34. Ke1 Kh7 35. Ke2 Kh8 36. a3 Kh7 37. Be4 Kh8 38. Bb1 Kh7 39. Ba2 Kh8
40. Bc4 Kh7 41. a4 a5 42. Ke1 Kh8 43. Be2 Kh7 44. Bf3 Kh8 45. Ke2 Kh7 46. Be4
Kh8 47. Rg3 Kh7 48. h4 Kh8 49. h5 Kh7 50. f4 exf4 51. Rd3 Rxd3 52. Kxd3 Kg7 53.
b4 Kf8 54. b5 Ke7 55. bxc6 bxc6 56. Bxc6 Kd6 57. Be8 Kc5 1/2-1/2

[Event "Sparkassen-Open A"]
[Site "Heusenstamm, Martinsee"]
[Date "2018.11.23"]
[Round "3.2"]
[White "Hahn, Markus"]
[Black "Sumets, Andrey"]
[Result "0-1"]
[WhiteElo "2271"]
[BlackElo "2580"]
[PlyCount "76"]
[EventDate "2018.??.??"]
[WhiteTeam "SVG Caissa Kassel"]
[BlackTeam "SF Lilienthal"]

1. d4 Nf6 2. c4 e6 3. Nf3 d5 4. g3 Be7 5. Bg2 O-O 6. O-O c6 7. Qc2 b6 8. Nbd2
Bb7 9. e4 Na6 10. e5 Nd7 11. a3 c5 12. cxd5 Bxd5 13. dxc5 Qc8 14. c6 Nab8 15.
c7 Na6 16. b4 Qb7 17. Bb2 Rfc8 18. Rfc1 Nxc7 19. Qd3 a5 20. Bc3 axb4 21. axb4
Na6 22. b5 Nac5 23. Qd4 Ne4 24. Nxe4 Bxe4 25. Ne1 Bxg2 26. Nxg2 Nc5 27. Qd1 Qe4
28. Rxa8 Rxa8 29. Ra1 Rd8 30. Qf1 Nd3 31. Rd1 h5 32. Ne3 Bc5 33. Qe2 Rd5 34.
Rd2 Bxe3 35. Qxe3 Qc4 36. Bb2 Nxb2 37. Rxb2 Rd1+ 38. Kg2 Qf1+ 0-1

[Event "Sparkassen-Open A"]
[Site "Heusenstamm, Martinsee"]
[Date "2018.11.23"]
[Round "3.3"]
[White "Nikolov, Momchil"]
[Black "de Visser, Leon"]
[Result "1-0"]
[WhiteElo "2560"]
[BlackElo "2230"]
[PlyCount "135"]
[EventDate "2018.??.??"]
[WhiteTeam "vereinslos"]
[BlackTeam "SV Griesheim"]

1. d4 d5 2. c4 c6 3. Nf3 Nf6 4. Nc3 dxc4 5. a4 Bf5 6. Ne5 Nbd7 7. Nxc4 Nb6 8.
Ne5 a5 9. e3 g6 10. Bd3 Bxd3 11. Nxd3 Bg7 12. O-O O-O 13. Qb3 Nfd7 14. Rd1 Qc7
15. Bd2 e5 16. Rac1 exd4 17. exd4 Qd8 18. Be3 Nf6 19. d5 Nbxd5 20. Nf4 Qb8 21.
Nfxd5 Nxd5 22. Nxd5 cxd5 23. Rxd5 Rd8 24. Rb5 Rd7 25. g3 Qd8 26. Rxb7 Rxb7 27.
Qxb7 Rb8 28. Qc7 Bxb2 29. Qxd8+ Rxd8 30. Rc5 Bd4 31. Bxd4 Rxd4 32. Rxa5 h5 33.
h4 Kg7 34. Ra7 Kh6 35. Kg2 f6 36. f4 Rd3 37. a5 Ra3 38. a6 Ra2+ 39. Kf3 Ra3+
40. Ke4 Ra5 41. Kd4 g5 42. Kc4 gxh4 43. gxh4 Kg6 44. Kb4 Ra1 45. Kb5 Rb1+ 46.
Kc6 Ra1 47. Ra8 Kf5 48. Kb6 Rb1+ 49. Kc7 Ra1 50. Kb7 Rb1+ 51. Ka7 Kxf4 52. Rb8
Ra1 53. Rb5 Kg4 54. Kb6 Re1 55. a7 Re8 56. Rb4+ Kg3 57. Ka6 Ra8 58. Rb8 Rxa7+
59. Kxa7 Kxh4 60. Rg8 f5 61. Kb6 f4 62. Kc5 f3 63. Kd4 f2 64. Rf8 Kg3 65. Ke3
h4 66. Rg8+ Kh2 67. Kxf2 h3 68. Rg3 1-0

[Event "Sparkassen-Open A"]
[Site "Heusenstamm, Martinsee"]
[Date "2018.11.23"]
[Round "3.4"]
[White "Heimrath, Reiner"]
[Black "Noe, Christopher"]
[Result "0-1"]
[WhiteElo "2262"]
[BlackElo "2529"]
[PlyCount "88"]
[EventDate "2018.??.??"]
[WhiteTeam "SC Noris-Tarrasch NÃ¼rnberg"]
[BlackTeam "SC Eppingen"]

1. e4 c5 2. Nc3 e6 3. g3 Nc6 4. Bg2 Nf6 5. Nge2 Be7 6. O-O O-O 7. h3 a6 8. d4
cxd4 9. Nxd4 Qc7 10. b3 b5 11. Nxc6 dxc6 12. Bb2 Bb7 13. Qc1 c5 14. e5 Nd7 15.
Ne4 Nxe5 16. Qf4 f6 17. Rae1 Bd5 18. c4 bxc4 19. bxc4 Rab8 20. Bxe5 fxe5 21.
Qc1 Bc6 22. Qa3 Rb4 23. Qxa6 Ra8 24. Nf6+ gxf6 25. Qxc6 Qxc6 26. Bxc6 Rxa2 27.
Bb5 Rbb2 28. Re4 h6 29. Rh4 Kg7 30. Rg4+ Kf7 31. Rh4 f5 32. Rxh6 Bg5 33. Rh7+
Kg8 34. Rb7 Be3 35. Bc6 Bxf2+ 36. Kh1 Rxb7 37. Bxb7 Bxg3 38. Bc8 Kf7 39. Rd1 e4
40. Rb1 e3 41. Rb7+ Kf6 42. Rb6 e2 43. Rxe6+ Kg5 44. h4+ Kf4 0-1

[Event "Sparkassen-Open A"]
[Site "Heusenstamm, Martinsee"]
[Date "2018.11.23"]
[Round "3.6"]
[White "Siddharth, Jagadeesh"]
[Black "Pap, Misa"]
[Result "0-1"]
[WhiteElo "2215"]
[BlackElo "2473"]
[PlyCount "108"]
[EventDate "2018.??.??"]
[WhiteTeam "Singapore"]
[BlackTeam "SF Augsburg"]
[WhiteTeamCountry "SIN"]

1. d4 f5 2. g3 Nf6 3. Bg2 g6 4. Nf3 Bg7 5. O-O O-O 6. c4 d6 7. Nc3 c6 8. b3 a5
9. Bb2 Na6 10. d5 Bd7 11. Nd4 cxd5 12. cxd5 Nc5 13. Rc1 Qb6 14. Ba1 Rfc8 15.
Qd2 Qb4 16. Nc2 Qb6 17. Nd4 Rc7 18. h3 Rac8 19. Qe3 Nce4 20. Nxe4 Nxd5 21. Nf6+
Nxf6 22. Rxc7 Qxc7 23. Qxe7 Re8 24. Ne6 Rxe7 25. Nxc7 Rxe2 26. Bxb7 Rxa2 27.
Rd1 Rc2 28. Bxf6 Bxf6 29. Nd5 Bb2 30. Ne3 Rc1 31. Rxc1 Bxc1 32. Nc4 Be6 33.
Nxa5 Bd2 34. Nc4 Bb4 35. Kf1 Kf7 36. Ke2 Bc5 37. f4 Ke7 38. Bf3 d5 39. Ne5 Kd6
40. g4 Bg1 41. Nd3 d4 42. gxf5 gxf5 43. Ne5 Bxb3 44. Kd3 Kc5 45. Nd7+ Kb4 46.
Nb6 Ba2 47. Nd5+ Kc5 48. Nf6 Bb1+ 49. Ke2 d3+ 50. Kf1 Be3 51. Nxh7 Bc2 52. Ng5
Kd6 53. Nf7+ Ke6 54. Ne5 d2 0-1

[Event "Sparkassen-Open A"]
[Site "Heusenstamm, Martinsee"]
[Date "2018.11.23"]
[Round "3.8"]
[White "Zuyev, Igor"]
[Black "Haag, Martin"]
[Result "1-0"]
[WhiteElo "2435"]
[BlackElo "2186"]
[PlyCount "75"]
[EventDate "2018.??.??"]
[WhiteTeam "SC Heusenstamm"]
[BlackTeam "SC Bonn Beuel"]

1. e4 d6 2. d4 Nf6 3. Nc3 e5 4. dxe5 dxe5 5. Qxd8+ Kxd8 6. Nf3 Bd6 7. h3 h6 8.
Bc4 Be6 9. Bxe6 fxe6 10. Be3 Nc6 11. O-O Ke7 12. a3 a6 13. Rfd1 Rhf8 14. b4
Rfd8 15. Rd3 b5 16. Rc1 Rdb8 17. Rb1 a5 18. bxa5 Rxa5 19. Nd2 Rxa3 20. Nxb5 Ra2
21. c4 Nd4 22. Bxd4 exd4 23. e5 Bxe5 24. Nf3 Nd7 25. Re1 Bf6 26. Nfxd4 Nc5 27.
Nc6+ Kf7 28. Rdd1 Rba8 29. Nxc7 R8a4 30. Nb5 Rc2 31. Nd6+ Kg8 32. Rb1 Nd3 33.
Rxe6 Nxf2 34. Nb4 Rd2 35. Nd5 Bd4 36. Rb8+ Kh7 37. Kh2 Nd3 38. Nf7 1-0

[Event "Sparkassen-Open A"]
[Site "Heusenstamm, Martinsee"]
[Date "2018.11.23"]
[Round "3.9"]
[White "Bethke, Richard"]
[Black "Gutman, Lev"]
[Result "1-0"]
[WhiteElo "2192"]
[BlackElo "2434"]
[PlyCount "79"]
[EventDate "2018.??.??"]
[WhiteTeam "SF Neuberg"]
[BlackTeam "SV Lingen"]

1. e4 c5 2. Nf3 d6 3. d4 cxd4 4. Nxd4 Nf6 5. Nc3 a6 6. Be3 e5 7. Nf3 Be7 8. Bc4
O-O 9. O-O Nc6 10. Qe2 Na5 11. Bd5 Be6 12. Rfd1 Qc8 13. Bg5 Nc4 14. Bxf6 gxf6
15. Bxc4 Bxc4 16. Qd2 Qg4 17. Nd5 Bxd5 18. Qxd5 b5 19. Rd3 Kh8 20. h3 Qe6 21.
Nh4 Rac8 22. Nf5 Rxc2 23. Qb7 Re8 24. b3 Bf8 25. Rd5 Rc5 26. Rad1 Rxd5 27. Rxd5
Qc8 28. Qxf7 Qc1+ 29. Kh2 Qf4+ 30. Ng3 Ra8 31. Rd3 Qxf2 32. Nf5 Qa7 33. Qxf6+
Bg7 34. Qxd6 Qf7 35. Rg3 Qf6 36. Qc5 Qf8 37. Qc6 Bf6 38. Nh6 Bg7 39. Nf5 Bf6
40. Qe6 1-0

[Event "Sparkassen-Open A"]
[Site "Heusenstamm, Martinsee"]
[Date "2018.11.23"]
[Round "3.10"]
[White "Andreev, Eduard"]
[Black "Villwock, Martin"]
[Result "1-0"]
[WhiteElo "2425"]
[BlackElo "2182"]
[PlyCount "47"]
[EventDate "2018.??.??"]
[WhiteTeam "SC Siegburg"]
[BlackTeam "SF Essen-Katernberg"]

1. e4 c5 2. Nf3 Nc6 3. Bb5 d6 4. Bxc6+ bxc6 5. O-O e5 6. c3 f5 7. d4 fxe4 8.
Ng5 d5 9. dxe5 Be7 10. Qa4 Qc7 11. c4 Bxg5 12. Bxg5 d4 13. Nd2 Bf5 14. Rfe1 e3
15. fxe3 d3 16. Rf1 Bg6 17. Nb3 Ne7 18. Qa3 Qxe5 19. Bf4 Qe6 20. Nxc5 Qxc4 21.
Rac1 Qd5 22. Na6 Rc8 23. Rc5 Qd7 24. Re5 1-0

[Event "Sparkassen-Open A"]
[Site "Heusenstamm, Martinsee"]
[Date "2018.11.23"]
[Round "3.11"]
[White "Goossens, Hanne"]
[Black "FrÃ¼bing, Stefan"]
[Result "0-1"]
[WhiteElo "2176"]
[BlackElo "2406"]
[PlyCount "42"]
[EventDate "2018.??.??"]
[WhiteTeam "DJK AufwÃ¤rts Aachen"]
[BlackTeam "SK KÃ¶nig Tegel"]

1. e4 e5 2. Nf3 Nc6 3. Bc4 Bc5 4. c3 Nf6 5. d3 O-O 6. O-O d5 7. exd5 Nxd5 8.
Nbd2 a6 9. Ne4 Ba7 10. b4 Bf5 11. Bg5 f6 12. Bd2 Kh8 13. Nh4 Be6 14. Qh5 Qe8
15. Qf3 Rd8 16. Bb3 Qd7 17. Qg3 g5 18. Bxg5 fxg5 19. Qxg5 Nf4 20. Nf6 Qe7 21.
Nxh7 Kxh7 0-1

[Event "Sparkassen-Open A"]
[Site "Heusenstamm, Martinsee"]
[Date "2018.11.23"]
[Round "3.12"]
[White "Schulze, Lara"]
[Black "Hacker, Jonas"]
[Result "1-0"]
[WhiteElo "2167"]
[BlackElo "2350"]
[PlyCount "91"]
[EventDate "2018.??.??"]
[WhiteTeam "SK Lehrte"]
[BlackTeam "SC Eppingen"]

1. e4 e5 2. Nf3 Nc6 3. Bc4 Nf6 4. d3 Bc5 5. c3 a6 6. O-O d6 7. Bb3 Ba7 8. Nbd2
h6 9. Re1 g5 10. Nf1 g4 11. N3d2 h5 12. Nc4 h4 13. Be3 Bd7 14. Bxa7 Nxa7 15. d4
Qe7 16. Nce3 O-O-O 17. Nf5 Bxf5 18. exf5 Rh5 19. Bc2 Rg5 20. dxe5 dxe5 21. Qe2
Nd7 22. a4 f6 23. b4 Kb8 24. g3 hxg3 25. fxg3 Nc8 26. Nd2 Nd6 27. Ne4 Nxe4 28.
Bxe4 Nb6 29. Red1 Rxd1+ 30. Qxd1 Nc8 31. Qd5 Nd6 32. Rd1 Nxe4 33. Qxe4 Qe8 34.
a5 Qc8 35. c4 Rxf5 36. b5 axb5 37. cxb5 Rf3 38. a6 Ra3 39. Qb4 Ra2 40. Qe7 Ka7
41. Qc5+ Kb8 42. axb7 Qh8 43. h4 gxh3 44. b6 Rg2+ 45. Kh1 Qh7 46. Qc6 1-0

[Event "Sparkassen-Open A"]
[Site "Heusenstamm, Martinsee"]
[Date "2018.11.23"]
[Round "3.13"]
[White "Hirneise, Jens"]
[Black "Schnabel, Bennett"]
[Result "1-0"]
[WhiteElo "2370"]
[BlackElo "2146"]
[PlyCount "83"]
[EventDate "2018.??.??"]
[WhiteTeam "TSV SchÃ¶naich"]
[BlackTeam "SV Mattnetz Berlin"]

1. e4 c5 2. Nf3 d6 3. d4 cxd4 4. Nxd4 Nf6 5. Nc3 g6 6. Be3 Bg7 7. f3 a6 8. Qd2
h5 9. Be2 Nbd7 10. O-O Ne5 11. Rad1 Bd7 12. Nd5 Nxd5 13. exd5 Qc7 14. Rfe1 Nc4
15. Bxc4 Qxc4 16. Bg5 f6 17. Qe3 O-O 18. Bh6 Rf7 19. Bxg7 Kxg7 20. Qb3 Qxb3 21.
cxb3 Rc8 22. Rc1 Rc5 23. Rxc5 dxc5 24. Ne6+ Bxe6 25. Rxe6 g5 26. Kf2 Kg6 27.
Rb6 e5 28. dxe6 Re7 29. Ke3 Kf5 30. Kd3 Ke5 31. Kc4 Rc7 32. g3 h4 33. gxh4 gxh4
34. f4+ Kxf4 35. Kd5 Rg7 36. Kd6 f5 37. e7 Rg8 38. Kd7 h3 39. Rh6 Kg4 40. e8=Q
Rxe8 41. Kxe8 f4 42. Ke7 1-0

[Event "Sparkassen-Open A"]
[Site "Heusenstamm, Martinsee"]
[Date "2018.11.23"]
[Round "3.14"]
[White "Hahn, Florian"]
[Black "Baskin, Robert"]
[Result "1/2-1/2"]
[WhiteElo "2148"]
[BlackElo "2354"]
[PlyCount "54"]
[EventDate "2018.??.??"]
[WhiteTeam "SC Herborn"]
[BlackTeam "SV Griesheim"]

1. Nf3 d5 2. g3 Bg4 3. Bg2 Nd7 4. c4 e6 5. cxd5 exd5 6. Nc3 Ngf6 7. O-O c6 8.
d3 Bc5 9. h3 Bxf3 10. Bxf3 O-O 11. Bg2 Qe7 12. e4 dxe4 13. dxe4 Rad8 14. Qe2
Bd4 15. Be3 Nc5 16. Bxd4 Rxd4 17. Rad1 Rfd8 18. Rxd4 Rxd4 19. Rd1 Qd8 20. e5
Rxd1+ 21. Qxd1 Qxd1+ 22. Nxd1 Nfd7 23. f4 a5 24. Kf2 g5 25. Ke3 gxf4+ 26. gxf4
f6 27. exf6 Kf7 1/2-1/2

[Event "Sparkassen-Open A"]
[Site "Heusenstamm, Martinsee"]
[Date "2018.11.23"]
[Round "3.15"]
[White "Gschnitzer, Adrian"]
[Black "Chandler, Patrick"]
[Result "1-0"]
[WhiteElo "2365"]
[BlackElo "2138"]
[PlyCount "57"]
[EventDate "2018.??.??"]
[WhiteTeam "SV Walldorf"]
[BlackTeam "SC Nied"]

1. e4 b6 2. d4 Bb7 3. Bd3 Nf6 4. Qe2 d6 5. f4 e6 6. Nf3 Be7 7. c4 c6 8. Nc3 d5
9. e5 Nfd7 10. O-O dxc4 11. Bxc4 a5 12. f5 Nf8 13. Ne4 Ba6 14. Bxa6 Nxa6 15.
Bg5 f6 16. Bh4 Nb4 17. fxe6 Nd5 18. Bg3 Ng6 19. Nd6+ Bxd6 20. exd6 Ngf4 21. d7+
Ke7 22. Bxf4 Nxf4 23. Qe3 Nxe6 24. d5 cxd5 25. Nd4 Qxd7 26. Rae1 Kf7 27. Qxe6+
Qxe6 28. Rxe6 Rhb8 29. Rd6 1-0

[Event "Sparkassen-Open A"]
[Site "Heusenstamm, Martinsee"]
[Date "2018.11.23"]
[Round "3.16"]
[White "Khaetsky, Roman"]
[Black "Thomas, Ingo"]
[Result "1-0"]
[WhiteElo "2347"]
[BlackElo "2130"]
[PlyCount "45"]
[EventDate "2018.??.??"]
[WhiteTeam "Gambit Kiev"]
[BlackTeam "Krefelder SK Turm"]

1. e4 Nc6 2. Nf3 Nf6 3. e5 Nd5 4. d4 d6 5. c4 Nb6 6. e6 fxe6 7. Nc3 g6 8. h4
Bg7 9. h5 e5 10. d5 Nd4 11. hxg6 hxg6 12. Rxh8+ Bxh8 13. Bd3 Bf5 14. Nxd4 exd4
15. Bxf5 gxf5 16. Qh5+ Kd7 17. Qxf5+ Ke8 18. Qh5+ Kd7 19. Qh3+ Ke8 20. Qxh8+
Kf7 21. Qh7+ Kf6 22. Ne4+ Ke5 23. f4# 1-0

[Event "Sparkassen-Open A"]
[Site "Heusenstamm, Martinsee"]
[Date "2018.11.23"]
[Round "3.17"]
[White "Engel, Berthold"]
[Black "Muckle, Julius"]
[Result "1/2-1/2"]
[WhiteElo "2129"]
[BlackElo "2344"]
[PlyCount "128"]
[EventDate "2018.??.??"]
[WhiteTeam "BG Buchen"]
[BlackTeam "SK Ludwigshafen"]

1. e4 e6 2. d4 d5 3. Nc3 Nf6 4. exd5 exd5 5. Bd3 c5 6. Bb5+ Nc6 7. Nge2 Be7 8.
O-O O-O 9. dxc5 a6 10. Bd3 Bxc5 11. Bg5 h6 12. Bh4 Bd6 13. Bg3 Re8 14. Bxd6
Qxd6 15. Ng3 Qb4 16. Rb1 Qh4 17. f3 Be6 18. Nce2 Rad8 19. Bf5 Qb4 20. c3 Qa5
21. Bxe6 Rxe6 22. Qb3 Qc5+ 23. Kh1 Na5 24. Qd1 Nc4 25. Nd4 Ree8 26. Re1 Qb6 27.
b3 Nd6 28. Qd3 Qa5 29. Qd2 Rc8 30. Rxe8+ Rxe8 31. Rd1 Rc8 32. Nge2 Nb5 33. Rc1
Nxd4 34. Nxd4 b5 35. Rc2 Qc7 36. g3 Re8 37. Kg2 Nd7 38. Ne2 Nf6 39. Qd4 Qe7 40.
Qd3 Qc5 41. Qd4 Qc6 42. Rd2 g5 43. g4 h5 44. h3 h4 45. Nc1 Qd6 46. Ne2 Rxe2+
47. Rxe2 Qg3+ 48. Kf1 Qxf3+ 49. Ke1 Ne4 50. Re3 Qh1+ 51. Ke2 Ng3+ 52. Kd2 Nf1+
53. Kc2 Qg2+ 54. Kc1 Nxe3 55. Qxe3 Qf1+ 56. Kb2 Qf6 57. Ka3 Kf8 58. Qd2 Qe5 59.
b4 f6 60. Kb3 Kg7 61. Qf2 Qe6 62. Qd4 Kg6 63. a4 Qe1 64. axb5 Qb1+ 1/2-1/2

[Event "Sparkassen-Open A"]
[Site "Heusenstamm, Martinsee"]
[Date "2018.11.23"]
[Round "3.18"]
[White "Hoffmann, Matthias"]
[Black "Euler, Gerd"]
[Result "0-1"]
[WhiteElo "2024"]
[BlackElo "2297"]
[PlyCount "142"]
[EventDate "2018.??.??"]
[WhiteTeam "SV Wiehl"]
[BlackTeam "SSG Hungen-Lich"]

1. e4 c5 2. Nf3 d6 3. d4 cxd4 4. Nxd4 Nf6 5. Nc3 g6 6. Be3 Bg7 7. f3 O-O 8. Qd2
Nc6 9. O-O-O d5 10. Qe1 e5 11. Nxc6 bxc6 12. exd5 Nxd5 13. Bc5 Bh6+ 14. Kb1
Nxc3+ 15. bxc3 Rb8+ 16. Ka1 Qa5 17. Bxf8 Be6 18. c4 Qxe1 19. Rxe1 Bd2 20. a4
Bxe1 21. Bc5 Bc3+ 22. Ka2 a5 23. Bd3 Rb2+ 24. Ka3 f5 25. Rd1 Rb7 26. Bf1 Kf7
27. Rd8 Rb1 28. Be2 e4 29. fxe4 fxe4 30. Rf8+ Kg7 31. Re8 Kf6 32. Bf2 Kf7 33.
Ra8 Bd2 34. Ra7+ Kf6 35. Ka2 Rh1 36. h3 h5 37. Ra8 Ke5 38. Bg3+ Kd4 39. Bf2+ e3
40. Rd8+ Ke5 41. Bg3+ Kf6 42. Rf8+ Ke7 43. Rf1 Rxf1 44. Bxf1 Bf5 45. Kb3 c5 46.
Be5 Ke6 47. Bc7 Be4 48. c3 h4 49. g3 Be1 50. gxh4 Bf3 51. Bxa5 Bxh4 52. Bb6 Kd6
53. Ba7 Bd1+ 54. Kb2 e2 55. Bxe2 Bxe2 56. Bb8+ Kc6 57. Bh2 Bxc4 58. Bg1 Bf1 59.
a5 Bxh3 60. a6 Be7 61. Kb3 Kb6 62. a7 Kxa7 63. Kc4 Be6+ 64. Kb5 Bd7+ 65. Kc4
Kb6 66. Kd5 g5 67. Bf2 g4 68. Bg3 Kb5 69. Bf2 c4 70. Ke4 Ka4 71. Bd4 Kb3 0-1

[Event "Sparkassen-Open A"]
[Site "Heusenstamm, Martinsee"]
[Date "2018.11.23"]
[Round "3.19"]
[White "Ã–zdemir, Ali Ã–zden"]
[Black "Hesse, Henrik"]
[Result "0-1"]
[WhiteElo "1972"]
[BlackElo "2272"]
[PlyCount "66"]
[EventDate "2018.??.??"]
[WhiteTeam "SK Langen"]
[BlackTeam "SV Mattnetz Berlin"]

1. e4 c5 2. Nf3 e6 3. d3 Nf6 4. g3 Qc7 5. Bg2 Nc6 6. O-O Be7 7. Re1 d6 8. c3
O-O 9. Nbd2 b6 10. d4 cxd4 11. cxd4 Nb4 12. Re3 Qc2 13. Qe1 Nd3 14. Qf1 Ba6 15.
Ne1 Nxe1 16. Qxa6 Nxg2 17. Kxg2 Rfc8 18. a4 Ng4 19. Re2 Qd1 20. h3 Nf6 21. a5
bxa5 22. Nf3 Rxc1 23. Re1 Rxa1 24. Rxd1 Rxd1 25. Qb7 Re8 26. g4 d5 27. e5 Ne4
28. Qd7 Kf8 29. Qxa7 Bb4 30. h4 Rb1 31. Ng5 Nxg5 32. hxg5 Rxb2 33. Kf1 g6 0-1

[Event "Sparkassen-Open A"]
[Site "Heusenstamm, Martinsee"]
[Date "2018.11.23"]
[Round "3.20"]
[White "Milov, Leonid"]
[Black "Rutsatz, Mario"]
[Result "1-0"]
[WhiteElo "2481"]
[BlackElo "2006"]
[PlyCount "53"]
[EventDate "2018.??.??"]
[WhiteTeam "SC Noris-Tarrasch NÃ¼rnberg"]
[BlackTeam "SF Frankfurt"]

1. e4 e6 2. Nf3 d5 3. Nc3 Nf6 4. e5 Nfd7 5. d4 c5 6. Ne2 Nc6 7. c3 b5 8. Nf4
Qb6 9. Be2 Be7 10. Be3 a5 11. O-O Ba6 12. Re1 b4 13. Bxa6 Qxa6 14. dxc5 bxc3
15. bxc3 O-O 16. Nd3 Qc4 17. Bd4 a4 18. Qe2 Rab8 19. Qe3 Rfc8 20. Nd2 Qb5 21.
f4 Na5 22. Rab1 Qc6 23. Rxb8 Nxb8 24. f5 Nd7 25. f6 Bxc5 26. Nxc5 Nxc5 27. Qg5
1-0

[Event "Sparkassen-Open A"]
[Site "Heusenstamm, Martinsee"]
[Date "2018.11.23"]
[Round "3.22"]
[White "Heindrich, Mark"]
[Black "Gritsak, Orest"]
[Result "0-1"]
[WhiteElo "2116"]
[BlackElo "2457"]
[PlyCount "94"]
[EventDate "2018.??.??"]
[WhiteTeam "TuS Dotzheim"]
[BlackTeam "vereinslos"]

1. e4 c5 2. Nf3 e6 3. c3 d5 4. exd5 Qxd5 5. Na3 Nf6 6. Bc4 Qd8 7. Nc2 Qc7 8.
Qe2 a6 9. a4 Nc6 10. d4 cxd4 11. Ncxd4 Nxd4 12. Nxd4 Bd7 13. Bg5 Rc8 14. Bb3
Bc5 15. O-O O-O 16. Rfd1 Nd5 17. Qf3 Ne7 18. Bc2 Ng6 19. Qh5 Rfe8 20. Rd2 e5
21. Nf5 e4 22. Be3 Re5 23. g4 Bxe3 24. fxe3 Bxf5 25. gxf5 Qc5 26. Qh3 Nf4 27.
Qg3 Rxf5 28. Kh1 Nd3 29. Rad1 g6 30. Bxd3 exd3 31. Rxd3 Re8 32. Rd4 Qc6+ 33.
Qg2 Qxg2+ 34. Kxg2 Rxe3 35. R1d2 Kg7 36. Rd7 b5 37. a5 h5 38. R7d4 Rf6 39. Rd5
h4 40. Rf2 h3+ 41. Kf1 Rfe6 42. Rd1 f5 43. Rfd2 Kf6 44. Kf2 g5 45. Rc1 g4 46.
c4 bxc4 47. Rxc4 Rf3+ 0-1

[Event "Sparkassen-Open A"]
[Site "Heusenstamm, Martinsee"]
[Date "2018.11.23"]
[Round "3.23"]
[White "Geske, Julian"]
[Black "Eichner, Christian"]
[Result "1-0"]
[WhiteElo "2382"]
[BlackElo "2091"]
[PlyCount "71"]
[EventDate "2018.??.??"]
[WhiteTeam "Wiesbadener SV"]
[BlackTeam "SV TuR Dresden"]

1. e4 e5 2. Nf3 Nc6 3. Bb5 a6 4. Ba4 Nf6 5. O-O Be7 6. d3 b5 7. Bb3 O-O 8. a4
Bb7 9. Nc3 Nd4 10. Nxd4 exd4 11. Ne2 c5 12. Ng3 d5 13. exd5 Bxd5 14. Bxd5 Qxd5
15. Re1 Bd6 16. Bd2 Rfe8 17. Rxe8+ Rxe8 18. axb5 axb5 19. Ra5 h5 20. Rxb5 h4
21. Nf1 Qf5 22. h3 Ra8 23. Ra5 Rxa5 24. Bxa5 c4 25. Bb6 Bc5 26. Bxc5 Qxc5 27.
dxc4 Qxc4 28. Nd2 Qa2 29. b3 g5 30. Nf3 Ne4 31. Nxd4 Qb2 32. Nf3 Qf6 33. c4 Nc3
34. Qe1 g4 35. hxg4 h3 36. g5 1-0

[Event "Sparkassen-Open A"]
[Site "Heusenstamm, Martinsee"]
[Date "2018.11.23"]
[Round "3.24"]
[White "Zimmermann, Rolf"]
[Black "Paszewski, Mateusz"]
[Result "1/2-1/2"]
[WhiteElo "2093"]
[BlackElo "2355"]
[PlyCount "71"]
[EventDate "2018.??.??"]
[WhiteTeam "SC Tornado Hochneukirch"]
[BlackTeam "vereinslos"]

1. c4 e6 2. Nc3 d5 3. d4 c6 4. e3 Nf6 5. Nf3 Nbd7 6. Bd3 dxc4 7. Bxc4 b5 8. Be2
Bb7 9. O-O a6 10. b3 c5 11. Bb2 Bd6 12. Rc1 O-O 13. dxc5 Bxc5 14. Ng5 Qe7 15.
Bf3 Bxf3 16. Nxf3 Ba3 17. Bxa3 Qxa3 18. Rc2 Rfc8 19. Qc1 Qf8 20. Rd1 Nc5 21. b4
Ncd7 22. a3 Nb6 23. Nd2 Nfd7 24. Nb3 Rc4 25. Na5 Rc7 26. Ne4 Rxc2 27. Qxc2 Rc8
28. Qa2 Nd5 29. Qb2 f5 30. Ng5 Qe7 31. Nf3 Qf6 32. Qxf6 gxf6 33. Nd4 Kf7 34. h3
N5b6 35. Ndc6 Nd5 36. Nd4 1/2-1/2

[Event "Sparkassen-Open A"]
[Site "Heusenstamm, Martinsee"]
[Date "2018.11.23"]
[Round "3.25"]
[White "Krastev, Alexander"]
[Black "Braun, Michael"]
[Result "1-0"]
[WhiteElo "2342"]
[BlackElo "2070"]
[PlyCount "51"]
[EventDate "2018.??.??"]
[WhiteTeam "Biebertaler SF"]
[BlackTeam "SG BÃ¼chenbach/Roth"]

1. e4 c5 2. Nf3 d6 3. Bb5+ Bd7 4. c4 g6 5. Nc3 Bg7 6. O-O Bxb5 7. cxb5 a6 8. d4
Nd7 9. Be3 Ngf6 10. e5 Ng4 11. e6 fxe6 12. Ng5 Nxe3 13. fxe3 Nf8 14. Nf7 Qb6
15. Nxh8 Bxh8 16. dxc5 Qxc5 17. Qf3 Bf6 18. Qxb7 Ra7 19. Qb8+ Kf7 20. b6 Qxe3+
21. Kh1 Rd7 22. Rae1 Qc5 23. Ne4 Qb5 24. Rxf6+ exf6 25. Nxd6+ Rxd6 26. Qxd6 1-0